Loading...
| Literature - American | 0 | 3 | 0 | 0 | 30 | 109 | 128.67 | 0 | 0 | 3.56 | 6.94 |
| Religion | 0 | 3 | 0 | 1 | 30 | 80 | 112.33 | 0 | 1 | 4.58 | 17.13 |
| History - European | 0 | 3 | 0 | 2 | 30 | 126 | 128.33 | 0 | 0 | -0.09 | 11.11 |
| Mythology | 0 | 2 | 0 | 1 | 20 | 115 | 126.00 | 0 | 0 | 1.50 | 5.56 |
| Geography/Current Events | 0 | 2 | 0 | 1 | 20 | 72 | 98.50 | 0 | 1 | 7.14 | 12.50 |
| Literature - European | 0 | 2 | 0 | 1 | 20 | 124 | 136.00 | 0 | 0 | 0.98 | 8.33 |
| Philosophy | 0 | 2 | 1 | 0 | 15 | 115 | 117.50 | 0 | 0 | 0.73 | 6.64 |
| Social Science | 0 | 2 | 1 | 0 | 15 | 80 | 80.00 | 0 | 1 | 7.09 | 12.50 |
| History - Other | 0 | 2 | 2 | 1 | 10 | 73 | 91.00 | 0 | 1 | 3.70 | 6.94 |
| Literature - British | 0 | 1 | 0 | 0 | 10 | 101 | 101.00 | 0 | 0 | 3.04 | 5.56 |
| Science - Physics | 0 | 1 | 0 | 0 | 10 | 121 | 121.00 | 0 | 1 | 1.58 | 9.72 |
| Science - Other | 0 | 1 | 0 | 0 | 10 | 137 | 137.00 | 0 | 0 | 0.00 | 2.78 |
| Science - Biology | 0 | 1 | 0 | 0 | 10 | 53 | 53.00 | 0 | 1 | 6.47 | 8.33 |
| Science - Chemistry | 0 | 1 | 0 | 0 | 10 | 63 | 63.00 | 1 | 1 | 5.18 | 11.11 |
| Pop Culture | 0 | 1 | 0 | 0 | 10 | 137 | 137.00 | 0 | 0 | 3.52 | 37.50 |
| Fine Arts - Classical Music | 0 | 1 | 1 | 1 | 5 | 121 | 121.00 | 0 | 0 | 0.18 | 2.78 |
| Fine Arts - Visual | 0 | 1 | 1 | 1 | 5 | 134 | 134.00 | 0 | 0 | 0.08 | 1.39 |
| History - World | 0 | 1 | 1 | 1 | 5 | 119 | 119.00 | 0 | 0 | 0.00 | 2.78 |
| Other Academic | 0 | 0 | 0 | 0 | 0 | 0.00 | 0 | 0 | 0.00 | 0.00 | |
| Literature - World/Other | 0 | 0 | 1 | 0 | -5 | 0.00 | 0 | 0 | 0.00 | 0.00 | |
| History - American | 0 | 0 | 1 | 0 | -5 | 0.00 | 0 | 0 | 0.00 | 0.00 | |
| Fine Arts - Other | 0 | 0 | 1 | 0 | -5 | 0.00 | 0 | 0 | 0.00 | 0.00 |